Biblioteca
Vista normal Vista MARC
  • Suicidio

Entrada Tema o Materia

Número de registros utilizados en: 4

001 - NUMERO DE CONTROL

  • Campo de control: 1110

003 - IDENTIFICADOR DEL NUMERO DE CONTROL

  • Campo de control: CO-MdFUSB

005 - HORA Y FECHA DE LA ULTIMA TRANSACCIÓN

  • Campo de control: 20171121190838.0

008 - CAMPO DE LONGITUD FIJA

  • Campo fijo de descripción fija: 060505i| acannaabn |a aaa

040 ## -

  • : CO-MdFUSB
  • : CO-MdFUSB

053 #0 - NUMERO DE CLASIFICACIÓN (LC)

  • Número clasificador : HV6543
  • Número del ítem: HV6548
  • Término explicativo: Social pathology

150 ## - ENCABEZAMIENTO DE MATERIA-TEMA

  • Téma o Materia: Suicidio

360 ## - REFERENCIA COMPLEJA DE "VÉASE ADEMÁS" - MATERIA

  • Encabezamiento hacia el que refiere el envío: : Conducta suicida
  • Texto explicativo: Y la subdivisión
  • Texto explicativo: , bajo clases de personas y grupos étnicos

550 ## - REFERENCIA DE ENVIO "VEASE ADEMAS" - MATERIA

  • Encabezamiento temático o nombre geográfico como elemento de entrada: Derecho a morir

550 ## - REFERENCIA DE ENVIO "VEASE ADEMAS" - MATERIA

  • Encabezamiento temático o nombre geográfico como elemento de entrada: Muerte
  • Subdivisión General: Causas

550 ## - REFERENCIA DE ENVIO "VEASE ADEMAS" - MATERIA

  • Encabezamiento temático o nombre geográfico como elemento de entrada: Muerte violenta

550 ## - REFERENCIA DE ENVIO "VEASE ADEMAS" - MATERIA

  • Encabezamiento temático o nombre geográfico como elemento de entrada: Trastornos mentales

670 ## - FUENTE EN LA QUE SE LOCALIZARON DATOS

  • Cita de la fuente : ARMARC

670 ## - FUENTE EN LA QUE SE LOCALIZARON DATOS

  • Cita de la fuente : LCSH

750 #0 - ASIENTO LIGADO AL ENCABEZAMIENTO - TEMATICO

  • Número de control del registro: sh 85129742
  • Encabezamiento temático : Suicide

Biblioteca FUSBC | Teléfono: (57+4) 349 88 10 Ext. 141| WhatsApp (+57) 3005338115 
E-mail: biblioteca@unisbc.edu.co | Calle 76 87-14 Robledo Palenque, Medellín, Colombia

Con tecnología Koha